书目信息 |
| 题名: |
北京市城乡居民收入差距问题研究
|
|
| 作者: | 魏中龙 著 | |
| 分册: | ||
| 出版信息: | 北京 经济科学出版社 2012.10 |
|
| 页数: | 237页 | |
| 开本: | 24cm | |
| 丛书名: | ||
| 单 册: | ||
| 中图分类: | F126.2 | |
| 科图分类: | ||
| 主题词: | 居民收入--城乡差别--研究--北京 , 居民收入 , 城乡差别 | |
| 电子资源: | ||
| ISBN: | 978-7-5141-2532-0 | |
| 000 | 01023nam0 2200277 450 | |
| 001 | 006388236 | |
| 005 | 20130609082827.56 | |
| 010 | @a978-7-5141-2532-0@dCNY48.00 | |
| 035 | @a006388236 | |
| 100 | @a20121218d2012 em y0chiy0110 ea | |
| 101 | 0 | @achi |
| 102 | @aCN@b110000 | |
| 105 | @ay z 000yy | |
| 106 | @ar | |
| 200 | 1 | @a北京市城乡居民收入差距问题研究@9bei jing shi cheng xiang ju min shou ru cha ju wen ti yan jiu@f魏中龙[等]著 |
| 210 | @a北京@c经济科学出版社@d2012.10 | |
| 215 | @a237页@d24cm | |
| 304 | @a著者还有:郭馨梅、曹正进、李春玲 | |
| 330 | @a本书内容包括:城乡居民收入差距研究的文献综述、北京市城乡居民收入差距分析、北京市城乡居民收入构成与影响收入水平的因素、北京市城乡居民收入差距形成的原因、北京市城乡居民收入满意度分析、北京市城乡居民收入差距对北京市发展的影响等。 | |
| 606 | 0 | @a居民收入@x城乡差别@x研究@y北京 |
| 606 | 0 | @a居民收入 |
| 606 | 0 | @a城乡差别 |
| 690 | @aF126.2@v5 | |
| 701 | 0 | @a魏中龙@9wei zhong long@f(1964~)@4著 |
| 801 | 0 | @aCN@bNLC@c20130129 |
| 905 | @dF126.2@e175 | |
| 北京市城乡居民收入差距问题研究/魏中龙[等]著.-北京:经济科学出版社,2012.10 |
| 237页;24cm |
| ISBN 978-7-5141-2532-0:CNY48.00 |
| 本书内容包括:城乡居民收入差距研究的文献综述、北京市城乡居民收入差距分析、北京市城乡居民收入构成与影响收入水平的因素、北京市城乡居民收入差距形成的原因、北京市城乡居民收入满意度分析、北京市城乡居民收入差距对北京市发展的影响等。 |
| ● |
| 相关链接 |
|
|
|
|
正题名:北京市城乡居民收入差距问题研究
索取号:F126.2/175
 
预约/预借
| 序号 | 登录号 | 条形码 | 馆藏地/架位号 | 状态 | 备注 |
| 1 | 0545518 | 205455185 | 第一样本阅览室/ [索取号:F126.2/175] | 在馆 | |
| 2 | 0545519 | 205455194 | 第一借阅区/ [索取号:F126.2/175] | 在馆 | |
| 3 | 0545520 | 205455201 | 第一借阅区/ [索取号:F126.2/175] | 在馆 | |
| 4 | 0545521 | 205455210 | 第一借阅区/ [索取号:F126.2/175] | 在馆 | |
| 5 | 0545522 | 205455229 | 第一借阅区/ [索取号:F126.2/175] | 在馆 |